Entrepreneurship Development (Record no. 54142)

000 -LEADER
fixed length control field 00375nam a2200145Ia 4500
008 - FIXED-LENGTH DATA ELEMENTS--GENERAL INFORMATION
fixed length control field 260407s9999 xx 000 0 und d
020 ## - INTERNATIONAL STANDARD BOOK NUMBER
International Standard Book Number 9.7893898026e+012
082 ## - DEWEY DECIMAL CLASSIFICATION NUMBER
Classification number 658.421
Item number KUM/E
100 ## - MAIN ENTRY--PERSONAL NAME
Personal name Kumar, S Anil
245 #0 - TITLE STATEMENT
Title Entrepreneurship Development
250 ## - EDITION STATEMENT
Edition statement 2nd
260 ## - PUBLICATION, DISTRIBUTION, ETC.
Place of publication, distribution, etc. New Delhi
Name of publisher, distributor, etc. New Age International Publishers
Date of publication, distribution, etc. 2025
300 ## - PHYSICAL DESCRIPTION
Extent 283p.
942 ## - ADDED ENTRY ELEMENTS (KOHA)
Koha item type Book
Holdings
Withdrawn status Lost status Damaged status Not for loan Collection code Permanent Location Current Location Date acquired Cost, normal purchase price Full call number Barcode Date last seen Price effective from Koha item type
        School of Management (Noida) MUIT-NOIDA MUIT-NOIDA 2026-04-07 375.00 658.421 KUM/E MUNSOM1218 2026-04-07 2026-04-07 Book

All Rights Reserved@MUIT

Powered by Koha